| 000 | 00752nam a22002057a 4500 | ||
|---|---|---|---|
| 999 |
_c158457 _d158457 |
||
| 005 | 20181030114024.0 | ||
| 010 | _aENG-124405 | ||
| 020 |
_c1095.00 _a9789352807659 |
||
| 035 | _a EN-107937 | ||
| 037 | _bDBAD/PUB. | ||
| 082 | _a338.954 | ||
| 245 |
_aKerala's economic development: _ced.by B.A. Prakash [and] Jerry Alwin _bemerging issues and challenges / |
||
| 260 |
_aNew Delhi _bSage Publications India Pvt. Ltd. _c2018 |
||
| 270 |
_aB1/I-1, Mohan Cooperative Industrial Area Mathura Road Post Bag 7 _bNew Delhi _e110044 |
||
| 300 |
_axi,411p. _c21cm.(Hb) _bill. |
||
| 500 | _aIt includes about the editors and contributors and index | ||
| 700 | _a Prakash, B.A. | ||
| 700 | _a Alwin, Jerry | ||
| 942 |
_2ddc _cEN _mKER _h338.954 |
||